00848nam a22002057a 450000500170000001000150001702000270003203500140005903700090007308200130008224500860009526000360018127001280021730000260034550000390037170000310041094200270044199900190046895201550048720250103151428.0 aENG-143174 a9788183763813c1295.00 aEN-126706 bDBAD a330.0954 aSustainable Development and Strategies of Political Economy/cEdited by Pulla Rao aNew DelhibABD Publishersc2012 a102, 1st floor , satyam house, 4327/3, Ansari Road , Daryaganj bNew Delhie110002k011-43001483mabdpublishersjpr@yahoo.in axxvi,397p.c22cm(hbk) aIt includes bibliography and index aRao, Pulla eEditor975827 2ddccENh330.0954mSUS c208025d208025 001040708NFICaMPbMPd2025-01-03eDelivery of Books Divisiong1295.00l0o330.0954 SUSpEN-126706r2025-01-03 00:00:00t1v1295.00w2025-01-03yEN